| 000 | 00532nam a2200169 i 4500 | ||
|---|---|---|---|
| 001 | 144699 | ||
| 003 | ES-MaACL | ||
| 005 | 20230906201058.0 | ||
| 007 | t| | ||
| 008 | 070214s1912 xxk r ||||1| eng d | ||
| 100 | 1 |
_aSkeat, Walter W. _9106740 |
|
| 245 | 1 | 0 |
_aEnglish dialects _b: from the eighth century to the present day / _cWalter W. Skeat. |
| 260 |
_aCambridge : _b[s. n.], _c1912 ( _fUniversal Press) |
||
| 300 |
_aIX, 139 p. ; _c16 x 12 cm. |
||
| 650 | 4 |
_aLengua inglesa- _xDialectos . _9162365 |
|
| 852 |
_aES-MaACL _jD-3294 |
||
| 999 |
_c144699 _d144699 |
||